000 00287nam a2200121Ia 4500
008 190216s9999||||xx |||||||||||||| ||und||
100 _aAlan Simpson
245 0 _aUnderstanding Dbase Iii Plus
260 _bBpb Publications
300 _a414 p
650 _aComputer Science
942 _cBK
999 _c8518
_d8518